| 000 | 02152cam a2200517 4500 | ||
|---|---|---|---|
| 003 | PE-LiUPU | ||
| 005 | 20260203121844.0 | ||
| 020 | _a9780816314003 | ||
| 035 | _a(Sirsi) i9780816314003 | ||
| 041 | _aen | ||
| 049 | _aPRUA | ||
| 050 | 4 |
_aBX6146 _b.D33 1997 |
|
| 082 | 0 | 4 |
_a234.2 _bDBD |
| 100 | 1 |
_aWhite, Ellen Gould Harmon _d1827-1915, _eautor. |
|
| 245 |
_aDarkness before Daw : _bfinding hopoe for the future / _c[por Elena G. de White]. |
||
| 264 | 1 |
_aNampa, ID : _bPacific Press Pub. Association, _c1997 |
|
| 300 |
_a62 páginas : _bilustraciones ; _c19 centímetros. |
||
| 336 |
_atext _2rdacontent |
||
| 337 |
_aunmediated _2rdamedia |
||
| 338 |
_avolume _2rdacarrier |
||
| 500 | _aLos datos fueron tomados de la portada | ||
| 505 | 0 | _aWhay was sin permitted? -- How to defeat satán -- the first great deception -- Can the dead speak to us -- Liberty of conscience threatened -- the impending conflict -- our only safeguard -- The time of trouble -- God's people delivered -- The | |
| 526 | _aSEG42 | ||
| 526 | _aSEG41 | ||
| 526 | _aSEG40 | ||
| 526 | _aSEG39 | ||
| 526 | _aP94 | ||
| 526 | _aP87 | ||
| 526 | _aP86 | ||
| 526 | _aP85 | ||
| 526 | _aP77 | ||
| 526 | _aP76 | ||
| 526 | _aP35 | ||
| 650 | 1 | 4 |
_aEsperanza _9936 |
| 650 | 1 | 4 |
_aPecado _xHistoria |
| 650 | 1 | 0 |
_aSalvación _9870 |
| 910 | _agl20110819 | ||
| 942 |
_2ddc _cBOOK |
||
| 949 |
_a234.2 DBD _wDEWEY _c1 _i63409 _lCIA _mBWL _p1.00 _r1 _sY _tBOOK _u2015-7-6 _xWHITE _zUNKNOWN _o.STAFF. Colección General |
||
| 949 |
_a234.2 DBD _wDEWEY _c2 _i75664 _lCCODEBUL1 _mBUL _p1.00 _r0 _sY _tBOOK _u2017-5-4 _xTEOLOGIA _PP85 _0DONACION _o.STAFF. Colección Teología |
||
| 596 | _a1 4 | ||
| 999 |
_a234.2 DBD _wDEWEY _c52365 _i75664 _f2021-11-10 _g4 _lCCODEBUL1 _mBUL _p1.00 _r0 _sY _tBOOK _u2017-5-4 _xTEOLOGIA _PP85 _0COMPRA _o.STAFF. Colección Teología _d52365 |
||
| 999 |
_a234.2 DBD _wDEWEY _c1 _iCW63409 _f2021-12-22 _g2 _mBWL _p1.00 _r0 _sY _tBOOK _u2015-7-6 _xWHITE _zUNKNOWN _o.STAFF. Colección General |
||
| 980 |
_818226 _gJaime Vilcazán Jefe de Análisis Documental |
||